Countries in Conflict of Nations - Statistics

General Stats
  • This quiz has been taken 60 times
  • The average score is 87 of 150
Answer Stats
VP Nation % Correct
123 Russia
90%
123 United States
90%
76 United Kingdom
88%
86 Canada
84%
103 China
84%
92 India
82%
93 Brazil
80%
71 France
80%
75 Germany
80%
82 Indonesia
80%
77 Mexico
80%
72 Chad
78%
70 Spain
78%
85 Ukraine
78%
73 Argentina
76%
77 Japan
76%
35 North Korea
76%
85 Poland
76%
67 Romania
76%
34 South Korea
76%
78 Sweden
76%
82 Australia
74%
73 Colombia
74%
44 Cuba
74%
64 Finland
74%
68 Norway
74%
67 South Africa
74%
71 Venezuela
74%
71 Afghanistan
72%
70 Algeria
72%
53 Chile
72%
60 Greece
72%
12 Ireland
72%
52 New Zealand
72%
10 Niger
72%
70 Pakistan
72%
73 Peru
72%
12 Denmark
70%
11 Iceland
70%
76 Iran
70%
63 Iraq
70%
68 Kenya
70%
67 Mongolia
70%
69 Thailand
70%
80 Turkey
70%
62 Vietnam
70%
79 Egypt
68%
66 Ethiopia
68%
74 Italy
68%
75 Kazakhstan
68%
69 Libya
68%
73 Mozambique
68%
71 Nigeria
68%
60 Philippines
68%
57 Austria
66%
12 Dominican Republic
66%
32 Israel
66%
57 Mali
66%
15 Portugal
66%
72 Saudi Arabia
66%
67 Angola
64%
69 Belarus
64%
13 Bulgaria
64%
15 Estonia
64%
68 Morocco
64%
63 Namibia
64%
12 Panama
64%
63 Serbia
64%
8 Suriname
64%
12 Belgium
62%
12 Czechia
62%
70 DR Congo
62%
7 Guyana
62%
9 Haiti
62%
10 Honduras
62%
16 Malaysia
62%
7 Taiwan
62%
11 Uruguay
62%
73 Bolivia
60%
17 Ghana
60%
15 Latvia
60%
14 Lithuania
60%
11 Madagascar
60%
72 Myanmar
60%
10 Nicaragua
60%
13 Oman
60%
18 Sudan
60%
10 Costa Rica
58%
12 Croatia
58%
11 Guatemala
58%
7 Jamaica
58%
11 Nepal
58%
11 Paraguay
58%
5 Singapore
58%
10 Slovakia
58%
11 Switzerland
58%
11 Yemen
58%
11 Bangladesh
56%
12 Bosnia
56%
67 Cameroon
56%
16 Mauritania
56%
14 Netherlands
56%
11 South Sudan
56%
7 Albania
54%
10 Ecuador
52%
5 Fiji
52%
12 Georgia
52%
5 Greenland
52%
14 Hungary
52%
11 Papua New Guinea
52%
8 Slovenia
52%
49 Syria
52%
17 Zambia
52%
2 Armenia
50%
7 Botswana
50%
9 Lebanon
50%
9 Moldova
50%
8 Tajikistan
50%
14 Tunisia
50%
11 Uzbekistan
50%
12 Azerbaijan
48%
6 Kyrgyzstan
48%
10 Cambodia
46%
4 Malta
46%
8 Sri Lanka
46%
12 Turkmenistan
46%
6 Jordan
44%
8 Kuwait
44%
1 Solomon Islands
38%
5 Brunei
36%
1 Guam
32%
4 Sao Tome and Principe
32%
1 Bermuda
26%
6 Puerto Rico
24%
7 Quebec
24%
10 Caribbean States
22%
1 Diego Garcia
22%
2 Falklands
20%
1 Paracel Islands
20%
1 New Caledonia
18%
5 Crimea
16%
7 KwaZulu-Natal
16%
22 Patagonia
16%
9 Uyghur
16%
7 Cabinda
14%
1 Kerguelen Islands
12%
7 Kashmir
10%
0 Rogue State
10%
4 Tsushima Island
10%
4 Ulleungdo
8%
No matching quizzes found
Score Distribution
Percent of People with Each Score
Percentile by Number Answered
Your Score History
You have not taken this quiz